Geography Ending in A-Z #2 - Statistics

General Stats
  • This quiz has been taken 62 times
  • The average score is 17 of 26
Answer Stats
Letter Hint Answer % Correct
A The southernmost continent Antarctica
96%
H Language of the Netherlands Dutch
91%
E Longest river of China Yangtze
89%
B Ethnicity of the Middle East Arab
87%
O Norway's capital city Oslo
87%
T Country invaded by Iraq Kuwait
84%
C Province of Canada Quebec
84%
D Peninsula of Denmark Jutland
82%
G Chinese city once owned by the UK Hong Kong
78%
R British town with white cliffs Dover
76%
L City straddling the Bosphorus Istanbul
76%
Z Capital of Bolivia La Paz
76%
X Largest city of Arizona Phoenix
76%
F High rocky area with steep drop Cliff
73%
W Second largest city of Poland Kraków
73%
S The Big Easy New Orleans
60%
K Larger territory of Palestine West Bank
60%
M City on the Blue and White Niles Khartoum
58%
Y Similar to a cove, inlet, sound Bay
55%
U Highland with flat terrain Plateau
49%
V Sea northeast of Crimea Sea of {Azov}
45%
N County of southwestern England Devon
40%
I Major island of Indonesia Sulawesi
35%
P Mass of ice less than 50,000 km² Ice cap
20%
Q Language of northern Alaska Iñupiaq
4%
J City in northern Syria Manbij
2%
No matching quizzes found
Score Distribution
Percent of People with Each Score
Percentile by Number Answered
Your Score History
You have not taken this quiz